Soluciones y respuestas de los ejercicios y problemas propuestos en las nociones de álgebra. Para uso del profesor. Contiene numerosos ejercicios y problemas
Gespeichert in:
| 1. Verfasser: | |
|---|---|
| Format: | keine Angabe |
| Sprache: | Spanisch |
| Erschienen: |
Barcelona
Bruño
1910
|
| Katalog: | MANES: Suchergebnis im Bibliothekskatalog |
| Schulbuchspezifische Eigenschaften: |
|
| Tags: |
Tag hinzufügen
Keine Tags, Fügen Sie den ersten Tag hinzu!
|
| Hinzugefügt zu: | 26.04.2016 |
MARC
| LEADER | 000000000a22000000004500 | ||
|---|---|---|---|
| 001 | 01817 | ||
| 003 | OSt | ||
| 008 | 160427s sp ||||| |||| 00| 0 spa d | ||
| 040 | |c centro_manes | ||
| 100 | 1 | |9 6 |a Bruño, G. M. | |
| 691 | 0 | |a SE | |
| 245 | 0 | 0 | |a Soluciones y respuestas de los ejercicios y problemas propuestos en las nociones de álgebra. Para uso del profesor. Contiene numerosos ejercicios y problemas |
| 260 | 3 | |a Barcelona |b Bruño |c 1910 | |
| 300 | |a 72, 80 p. |c 18x12 cm | ||
| 500 | |a Contiene 2 ejemplares en un sólo libro: Nociones de álgebra y el solucionario anexo para uso del profesor | ||
| 690 | 0 | |a MATE | |
| 942 | |2 ddc |c BK | ||
| 546 | |a España | ||
| 999 | |c 7791 |d 7791 | ||
| 999 | |c manes:7791 |d 7791 | ||